00816nam a2200217 a 4500999001700000001000800017005001700025008004100042010001700083020001500100035002000115050002200135100002100157245006700178260007200245300003500317504006800352650004000420942001500460952012300475 c23952d23952491222420170127122818.0940317s1993 txua b 001 0 eng d a 94132212  a0155000993 a(OCoLC)2760661200aLB3051 .H325 19931 aHanna, Gerald S.10aBetter teaching through better measurement /cGerald S. Hanna. aFort Worth :bHarcourt Brace Jovanovich College Publishers,cc1993. axiii, 559 p. :bill. ;c25 cm. aIncludes bibliographical references (p. [543]-549) and indexes. 0aEducational tests and measurements. 2lcccBOOKS 00102lcc4070aMUCbMUCcTECHd2017-01-27eDonation(BFA)l0oLB3051 .H325 1993p31816r2018-07-11w2017-01-27yBOOKS